000 01107nam a2200289 4500
003 EG-GICUC
005 20260227014351.0
008 260227s2000 ua ||||fr|||| 000 0 ara d
040 _a EG-GICUC
_bara
_c EG-GICUC
_d EG-GICUC
_erda
041 0 _aara
082 0 4 _221
_a341,77
_bع ب . ب
092 0 4 _221
099 _aLaw1 11 2000 341.77 ع ب . ب
100 0 _aعبدالصمد سكر ،
_eمؤلف.
245 1 0 _aبحث في الجهود الدولية لمكافحة الاجرام المنظم في ضوء مبادئ القانون الجنائي الدولي /
_cتأليف الدكتور عبدالصمد سكر. .
264 1 _aالقاهرة :
_bأكاديمية الشرطة ،
_c2000 .
300 _a46 ؛ صفحة
_c24 سم
336 _2rda content
_atext
337 _2rda media
_aComputer
338 _2rda carrier
_aOnline Resource
546 _aالنص باللغة العربية
650 1 4 _aالقانون الجنائي الدولي
_2qrmak
651 1 _2qrmak
856 4 0 _uhttps://fll.law.cu.edu.eg/fulltext/bks/B12-04805.pdf
905 _a76
942 _2ddc
_n0
_cBK
_e21
999 _c64284
_d64284